Breaking the silence: (Record no. 538)
[ view plain ]
| 000 -LEADER | |
|---|---|
| fixed length control field | 005790000a22001810004500 |
| 005 - DATE AND TIME OF LATEST TRANSACTION | |
| control field | 20240605121010.0 |
| 008 - FIXED-LENGTH DATA ELEMENTS--GENERAL INFORMATION | |
| fixed length control field | 230817t ||||| |||| 00| 0 eng d |
| 082 ## - DEWEY DECIMAL CLASSIFICATION NUMBER | |
| Classification number | 305.42 |
| Item number | FOR |
| 942 ## - ADDED ENTRY ELEMENTS (KOHA) | |
| Item Type | Reports |
| 110 ## - MAIN ENTRY--CORPORATE NAME | |
| Corporate Name | Forum against violence on women preparatory process |
| 700 ## - ADDED ENTRY--PERSONAL NAME | |
| Personal name | Anandhi S |
| 700 ## - ADDED ENTRY--PERSONAL NAME | |
| Personal name | Mathew, Ramanie |
| 700 ## - ADDED ENTRY--PERSONAL NAME | |
| Personal name | Meera, K |
| 245 ## - TITLE STATEMENT | |
| Title | Breaking the silence: |
| Sub Title | voices of women against violence in Tamilnadu |
| 260 ## - PUBLICATION, DISTRIBUTION, ETC. (IMPRINT) | |
| Place of Publication | [Beijing] |
| Name of Publisher | Forum against violence on women preparatory process, |
| Date of Copyright | 1995 |
| 300 ## - PHYSICAL DESCRIPTION | |
| Extent | Various pg. |
| 650 ## - SUBJECT ADDED ENTRY--TOPICAL TERM | |
| Topical Term | VIOLENCE AGAINST WOMEN-Tamilnadu |
| Withdrawn status | Lost status | Source of classification or shelving scheme | Damaged status | Not for loan | Permanent location | Current location | Date acquired | Total Checkouts | Full call number | Barcode | Date last seen | Price effective from | Koha item type |
|---|---|---|---|---|---|---|---|---|---|---|---|---|---|
| Dewey Decimal Classification | Resource center, Muslim Women's Research And Action Forum | Resource center, Muslim Women's Research And Action Forum | 2023-08-17 | 305.42 FOR | RAF4099 | 2023-08-17 | 2023-08-17 | Reports |

